孤立路線 - Statistics

General Stats
  • This quiz has been taken 322 times
  • The average score is 4 of 9
Answer Stats
Answer % Correct
西武多摩川線
75%
JR七尾線
57%
名鉄瀬戸線
56%
JR大湊線
56%
西鉄貝塚線
45%
JR越美北線
40%
平成筑豊鉄道門司港レトロ観光線
12%
土佐くろしお鉄道阿佐線
8%
京福電気鉄道鋼索線
4%
No matching quizzes found
Score Distribution
Percent of People with Each Score
Percentile by Number Answered
Your Score History
You have not taken this quiz